Das passions-spiel in Oberammergau (Record no. 10465)

MARC details
000 -CABECERA
campo de control de longitud fija 00887nam a2200217 a 4500
001 - NÚMERO DE CONTROL
campo de control BRL_1656
005 - FECHA Y HORA DE LA ÚLTIMA TRANSACCIÓN
campo de control 20190320211317.0
008 - DATOS DE LONGITUD FIJA--INFORMACIÓN GENERAL
campo de control de longitud fija 210414s1922----gw-ae#####---#000-0#ger-#
041 ## - CÓDIGO DE LENGUA
Código de lengua del texto/banda sonora o título independiente ger
044 ## - CÓDIGO DEL PAÍS DE LA ENTIDAD EDITORA/PRODUCTORA
Código MARC del país gw
050 #4 - SIGNATURA TOPOGRÁFICA DE LA BIBLIOTECA DEL CONGRESO
Número de clasificación PN3241
Número de documento/Ítem .D3 1922
130 0# - ENTRADA PRINCIPAL--TÍTULO UNIFORME
Título uniforme Oberammergauer Passionsspiel
9 (RLIN) 27553
245 10 - MENCIÓN DE TÍTULO
Título Das passions-spiel in Oberammergau
Resto del título ein geistliches festspiel in drei abteilungen mit 24 lebenden bildern
Mención de responsabilidad, etc. Mit Benützung der alten Texte verfasst von J. A. Daisenberger. Offizieller Gesamt-Text für das Jahr 1922 überarbeitet und neu herausgegeben von der Gemeinde Oberammergau.
260 ## - PUBLICACIÓN, DISTRIBUCIÓN, ETC.
Lugar de publicación, distribución, etc. Diessen vor München
Nombre del editor, distribuidor, etc. J. C. Huber
Fecha de publicación, distribución, etc. 1922
300 ## - DESCRIPCIÓN FÍSICA
Extensión 149 p.
Otras características físicas il., planos
Dimensiones 16 cm.
500 ## - NOTA GENERAL
Nota general Au1846
650 14 - PUNTO DE ACCESO ADICIONAL DE MATERIA--TÉRMINO DE MATERIA
Término de materia o nombre geográfico como elemento de entrada Teatro
Subdivisión general Parión de Cristo
Subdivisión geográfica Oberammergau (Alemania)
9 (RLIN) 27554
700 1# - PUNTO DE ACCESO ADICIONAL--NOMBRE DE PERSONA
Nombre de persona Daisenberger, J. A.
Fechas asociadas al nombre Joseph Alois
Término indicativo de función/relación 1799-1883
9 (RLIN) 27555
902 ## - CATALOGADOR
Iniciales GRL
942 ## - ELEMENTOS DE PUNTO DE ACCESO ADICIONAL (KOHA)
Fuente del sistema de clasificación o colocación Library of Congress Classification
Tipo de ítem Koha Libros
Holdings
Estado de retiro Estado de pérdida Estado dañado No para préstamo Localización permanente Ubicación/localización actual Fecha de adquisición Número de inventario Total de préstamos Signatura topográfica completa Código de barras Fecha visto por última vez Precio válido a partir de Tipo de ítem Koha
El ejemplar forma parte de la colección y puede ser consultado según las políticas vigentes.       Biblioteca Centro de Estudios Ruth D. Lechuga Biblioteca Centro de Estudios Ruth D. Lechuga 21/04/2014 Au1846   PN3241 .D3 1922 (Au1846) GRL01827 22/03/2019 22/03/2019 Libros